[Event "PSV Duisburg 1 - SF Lieme 1"]
[Site "NRW-Klasse, Gruppe 1 2013/201"]
[Date "2014.03.09"]
[Round "7.4"]
[White "Wengenroth, Walter"]
[Black "Himpenmacher, Andy"]
[Result "1/2-1/2"]
[WhiteElo "2207"]
[BlackElo "2045"]
[PlyCount "94"]
[EventDate "2014.??.??"]
[WhiteTeam "PSV Duisburg 1"]
[BlackTeam "SF Lieme 1"]

1. e4 c5 2. Nf3 g6 3. d4 cxd4 4. Nxd4 Bg7 5. c4 Nc6 6. Be3 Nf6 7. Nc3 O-O 8.
Be2 d6 9. O-O Bd7 10. Nc2 a5 11. f3 Nb4 12. Nd4 Nc6 13. Ndb5 Ne5 14. Rc1 Rc8
15. b3 Bc6 16. Qd2 Ned7 17. Rfd1 Bxb5 18. cxb5 Nb6 19. f4 Nfd7 20. Bf3 Rxc3 21.
Rxc3 Bxc3 22. Qxc3 a4 23. e5 axb3 24. Qxb3 dxe5 25. fxe5 Qc7 26. e6 Ne5 27.
exf7+ Rxf7 28. Bd5 Nxd5 29. Qxd5 Ng4 30. Qd8+ Qxd8 31. Rxd8+ Kg7 32. Bd4+ e5
33. h3 exd4 34. hxg4 Kf6 35. Rxd4 Ke5 36. Rb4 Kd5 37. a4 b6 38. g3 Rf3 39. Kg2
Rc3 40. Rf4 Rc7 41. Rf6 Rb7 42. Rc6 Ke4 43. Kh3 g5 44. Rc8 Ra7 45. Rb8 Rxa4 46.
Rxb6 Rb4 47. Rb8 Ke5 1/2-1/2

[Event "PSV Duisburg 1 - SF Lieme 1"]
[Site "NRW-Klasse, Gruppe 1 2013/201"]
[Date "2014.03.09"]
[Round "7.5"]
[White "Schaffarczyk, Andre"]
[Black "Maslak, Sulejman"]
[Result "0-1"]
[WhiteElo "2027"]
[BlackElo "2245"]
[PlyCount "76"]
[EventDate "2014.??.??"]
[WhiteTeam "SF Lieme 1"]
[BlackTeam "PSV Duisburg 1"]

1. e4 e6 2. d4 d5 3. Nc3 Nf6 4. e5 Nfd7 5. f4 c5 6. Nf3 Nc6 7. Be3 Qb6 8. Na4
Qa5+ 9. c3 c4 10. b4 Nxb4 11. cxb4 Bxb4+ 12. Kf2 b5 13. Nb2 Bc3 14. Qc2 b4 15.
Rc1 Bxb2 16. Qxb2 Qb5 17. Be2 a5 18. Rb1 Nb6 19. Qc2 Bd7 20. Rhc1 O-O 21. Ng5
g6 22. h4 a4 23. Qb2 b3 24. a3 Nc8 25. Bd2 Na7 26. Bb4 Rfc8 27. Qc3 Qb6 28. Qe3
Nb5 29. Bc5 Rxc5 30. dxc5 Qa7 31. Nf3 Nxa3 32. c6 Bxc6 33. Qxa7 Rxa7 34. Rb2
Nb5 35. Bxc4 dxc4 36. Rxc4 Bd5 37. Rc8+ Kg7 38. Rb8 a3 0-1

[Event "PSV Duisburg 1 - SF Lieme 1"]
[Site "NRW-Klasse, Gruppe 1 2013/201"]
[Date "2014.03.09"]
[Round "7.6"]
[White "Heisel, Guido"]
[Black "Stukenbrok, Nils"]
[Result "1-0"]
[WhiteElo "2094"]
[BlackElo "1993"]
[PlyCount "65"]
[EventDate "2014.??.??"]
[WhiteTeam "PSV Duisburg 1"]
[BlackTeam "SF Lieme 1"]

1. d4 Nf6 2. Bg5 e6 3. e4 h6 4. Bxf6 Qxf6 5. c3 d6 6. Bd3 g6 7. Ne2 Nc6 8. O-O
Bd7 9. f4 O-O-O 10. b4 d5 11. e5 Qg7 12. a4 a5 13. b5 Ne7 14. Nd2 b6 15. Rc1
Nf5 16. Qb3 f6 17. c4 Bb4 18. Nf3 Ne3 19. Rf2 f5 20. Nc3 Be8 21. Na2 Bf8 22. c5
Kb8 23. Re2 Ng4 24. h3 h5 25. Ng5 Qh6 26. Qc3 bxc5 27. Qxa5 c4 28. b6 cxb6 29.
Qxb6+ Kc8 30. Bxc4 Nxe5 31. Ba6+ Kd7 32. Qa7+ Kd6 33. dxe5# 1-0

[Event "PSV Duisburg 1 - SF Lieme 1"]
[Site "NRW-Klasse, Gruppe 1 2013/201"]
[Date "2014.03.09"]
[Round "7.7"]
[White "Stork, Holger"]
[Black "Kleff, Andre"]
[Result "1/2-1/2"]
[WhiteElo "1991"]
[BlackElo "2108"]
[PlyCount "32"]
[EventDate "2014.??.??"]
[WhiteTeam "SF Lieme 1"]
[BlackTeam "PSV Duisburg 1"]

1. e4 g6 2. Nc3 Bg7 3. d4 c6 4. h3 d5 5. Nf3 dxe4 6. Nxe4 Nd7 7. Bc4 Ngf6 8.
Nxf6+ Nxf6 9. O-O O-O 10. Re1 Qc7 11. Qe2 e6 12. c3 b5 13. Bb3 a5 14. a4 Ba6
15. Qe5 Qb6 16. Qg5 b4 1/2-1/2

[Event "PSV Duisburg 1 - SF Lieme 1"]
[Site "NRW-Klasse, Gruppe 1 2013/201"]
[Date "2014.03.09"]
[Round "7.8"]
[White "Sponheim, Marko"]
[Black "Karcher, Patrick"]
[Result "0-1"]
[WhiteElo "2055"]
[BlackElo "2004"]
[PlyCount "62"]
[EventDate "2014.??.??"]
[WhiteTeam "PSV Duisburg 1"]
[BlackTeam "SF Lieme 1"]

1. e4 e5 2. Nf3 Nc6 3. d4 exd4 4. Nxd4 Qh4 5. Nc3 Bb4 6. Be2 Qxe4 7. Ndb5 Bxc3+
8. bxc3 Kd8 9. O-O Nf6 10. Bg5 a6 11. Nd4 Nxd4 12. cxd4 d6 13. Bf3 Qf5 14. Qd2
h6 15. Be3 Re8 16. c4 Ke7 17. Rab1 Rb8 18. Bc6 Bd7 19. Bxb7 Bc8 20. Bxc8 Qxb1
21. Bxa6 Ne4 22. Qe2 Nc3 23. Qd2 Qxf1+ 24. Kxf1 Rb1+ 25. Qc1 Rxc1+ 26. Bxc1 Ra8
27. Bb5 Rxa2 28. Ke1 Re2+ 29. Kf1 Rc2 30. Be3 Nxb5 31. cxb5 Rb2 0-1

[Event "Elberfelder SG 1 - Oberhausener SV 1"]
[Site "NRW-Klasse, Gruppe 1 2013/201"]
[Date "2014.03.09"]
[Round "7.1"]
[White "Hort, Vlastimil"]
[Black "Odendahl, Reiner"]
[Result "1/2-1/2"]
[WhiteElo "2399"]
[BlackElo "2252"]
[PlyCount "67"]
[EventDate "2014.??.??"]
[WhiteTeam "Oberhausener SV 1"]
[BlackTeam "Elberfelder SG 1"]

1. e4 c5 2. b3 d6 3. Bb2 Nf6 4. Nc3 Nc6 5. Nf3 Bd7 6. g3 e6 7. Bg2 Be7 8. O-O
O-O 9. d3 Rb8 10. h3 b5 11. Ne2 Ne8 12. Nh2 Bf6 13. Bxf6 Nxf6 14. f4 e5 15. Qd2
Nd4 16. Rf2 Nxe2+ 17. Qxe2 exf4 18. gxf4 Re8 19. Nf1 Qa5 20. Ng3 Re7 21. Kh2
Rbe8 22. a3 h6 23. Bf3 Kh8 24. Qd2 Qc7 25. Rg1 Bc8 26. c4 Qd7 27. Kh1 Rg8 28.
Qc3 bxc4 29. bxc4 Qc7 30. Bg2 Qd8 31. Kh2 Ree8 32. Bf3 Nh7 33. Bg2 Qh4 34. f5
1/2-1/2

[Event "Elberfelder SG 1 - Oberhausener SV 1"]
[Site "NRW-Klasse, Gruppe 1 2013/201"]
[Date "2014.03.09"]
[Round "7.2"]
[White "Hintze, Helge"]
[Black "Becker, Marcel"]
[Result "1/2-1/2"]
[WhiteElo "2243"]
[BlackElo "2353"]
[PlyCount "134"]
[EventDate "2014.??.??"]
[WhiteTeam "Elberfelder SG 1"]
[BlackTeam "Oberhausener SV 1"]

1. Nf3 d5 2. d4 Nf6 3. c4 c6 4. Nc3 dxc4 5. e3 b5 6. a4 b4 7. Nb1 Ba6 8. Be2
Qa5 9. O-O Nbd7 10. Nbd2 c3 11. bxc3 bxc3 12. Nc4 Bxc4 13. Bxc4 e6 14. Ba3 Bxa3
15. Rxa3 O-O 16. Qc2 Nb6 17. Qxc3 Qxc3 18. Rxc3 Nfd5 19. Rcc1 Nxa4 20. Ne5 Rfc8
21. Ba6 Rc7 22. Ra1 Nac3 23. Nd3 Rb8 24. Nc5 Rb2 25. Rfc1 Na2 26. Rcb1 Rxb1+
27. Rxb1 g6 28. Bc4 Nac3 29. Rb8+ Kg7 30. Na6 Re7 31. Rb3 Ne4 32. Bd3 Nd6 33.
Nc5 e5 34. dxe5 Rxe5 35. Na6 c5 36. Nxc5 Nxe3 37. Nd7 Re7 38. Nb8 Nef5 39. f3
Re1+ 40. Kf2 Ra1 41. Rb2 Nd4 42. Na6 Ra3 43. Bf1 Rc3 44. Ra2 Rc2+ 45. Rxc2 Nxc2
46. Ke2 Nd4+ 47. Kd3 Nc6 48. f4 Kf6 49. g3 h5 50. Bg2 Nd8 51. Bd5 Ne6 52. Ke3
Nf5+ 53. Ke4 Ke7 54. Kf3 Nfd4+ 55. Ke3 Kd6 56. Bc4 Nf5+ 57. Kf3 Nd8 58. h3 Nd4+
59. Ke3 N4e6 60. g4 h4 61. g5 Nc7 62. Nxc7 Kxc7 63. Kf3 Kd6 64. Kg4 Ne6 65. f5
gxf5+ 66. Kxf5 Ke7 67. Kg4 Kf8 1/2-1/2

[Event "Elberfelder SG 1 - Oberhausener SV 1"]
[Site "NRW-Klasse, Gruppe 1 2013/201"]
[Date "2014.03.09"]
[Round "7.3"]
[White "Kaufeld, Juergen"]
[Black "Kurr, Gerd"]
[Result "1-0"]
[WhiteElo "2289"]
[BlackElo "2169"]
[PlyCount "47"]
[EventDate "2014.??.??"]
[WhiteTeam "Oberhausener SV 1"]
[BlackTeam "Elberfelder SG 1"]

1. e4 c6 2. d4 d5 3. e5 Bf5 4. Nf3 e6 5. Be2 Nd7 6. O-O Ne7 7. Nbd2 c5 8. dxc5
Nc6 9. Nb3 Bg4 10. Re1 Nxc5 11. Bg5 Qc7 12. Nbd4 Nxd4 13. Qxd4 Bxf3 14. Bxf3
Nd7 15. Bxd5 Bc5 16. Qg4 exd5 17. e6 Nf6 18. Bxf6 gxf6 19. Rad1 Rd8 20. Qh5 O-O
21. e7 Bxe7 22. Rd3 Rfe8 23. Rg3+ Kh8 24. Qxf7 1-0

[Event "Elberfelder SG 1 - Oberhausener SV 1"]
[Site "NRW-Klasse, Gruppe 1 2013/201"]
[Date "2014.03.09"]
[Round "7.4"]
[White "Noetzel, Frank"]
[Black "Litwak, Aleksej"]
[Result "1-0"]
[WhiteElo "2122"]
[BlackElo "2230"]
[PlyCount "61"]
[EventDate "2014.??.??"]
[WhiteTeam "Elberfelder SG 1"]
[BlackTeam "Oberhausener SV 1"]

1. e4 c5 2. Nc3 a6 3. f4 b5 4. g3 Bb7 5. Bg2 e6 6. Qe2 b4 7. Nd1 d5 8. d3 Nf6
9. e5 Nfd7 10. Nf3 Nc6 11. c3 Be7 12. O-O O-O 13. Nf2 a5 14. g4 a4 15. a3 bxc3
16. bxc3 Ba6 17. f5 Rb8 18. Re1 Rb3 19. Bd2 Qc7 20. Nh3 Re8 21. Nf4 Bf8 22. g5
Ncxe5 23. fxe6 Nxf3+ 24. Bxf3 fxe6 25. Bxd5 exd5 26. Qxe8 Rb2 27. Qe6+ Kh8 28.
Ng6+ hxg6 29. Re3 Nf6 30. gxf6 gxf6 31. Rh3+ 1-0

[Event "Elberfelder SG 1 - Oberhausener SV 1"]
[Site "NRW-Klasse, Gruppe 1 2013/201"]
[Date "2014.03.09"]
[Round "7.5"]
[White "Ciornei, Dragos"]
[Black "Maj, Kornel"]
[Result "1-0"]
[WhiteElo "2125"]
[BlackElo "1891"]
[PlyCount "51"]
[EventDate "2014.??.??"]
[WhiteTeam "Oberhausener SV 1"]
[BlackTeam "Elberfelder SG 1"]

1. e4 c5 2. Nf3 d6 3. d4 cxd4 4. Nxd4 Nf6 5. Nc3 g6 6. Be3 Bg7 7. f3 O-O 8. Bc4
Nc6 9. Qd2 Bd7 10. O-O-O Rb8 11. Bb3 Na5 12. Kb1 b5 13. g4 Nxb3 14. cxb3 b4 15.
Nd5 Nxd5 16. exd5 Qa5 17. Ne2 Rfc8 18. h4 f5 19. h5 fxg4 20. Ng3 gxh5 21. Rxh5
Be8 22. Rg5 Bg6+ 23. Rxg6 hxg6 24. Qd3 Rb6 25. Qxg6 Ra6 26. Qe6+ 1-0

[Event "Elberfelder SG 1 - Oberhausener SV 1"]
[Site "NRW-Klasse, Gruppe 1 2013/201"]
[Date "2014.03.09"]
[Round "7.6"]
[White "Kesseler, Heiko"]
[Black "Nissen, Claus"]
[Result "0-1"]
[WhiteElo "2018"]
[BlackElo "2136"]
[PlyCount "58"]
[EventDate "2014.??.??"]
[WhiteTeam "Elberfelder SG 1"]
[BlackTeam "Oberhausener SV 1"]

1. e4 d6 2. d4 g6 3. Nf3 Nf6 4. Nc3 Bg7 5. h3 O-O 6. Be3 c6 7. Bd3 Qc7 8. O-O
e5 9. dxe5 dxe5 10. Qc1 Nbd7 11. Ne2 Re8 12. Bh6 Nf8 13. Bxg7 Kxg7 14. Ng3 Ne6
15. c3 Nf4 16. Bc2 h6 17. Qe3 Bxh3 18. gxh3 Qc8 19. Nh4 Nxh3+ 20. Kh1 Nf4 21.
Ngf5+ gxf5 22. Nxf5+ Kh7 23. Rg1 N6h5 24. Rad1 Rg8 25. Rxg8 Qxg8 26. Rg1 Qd8
27. Bb3 Qf6 28. Rd1 Rd8 29. Rg1 Rd3 0-1

[Event "Elberfelder SG 1 - Oberhausener SV 1"]
[Site "NRW-Klasse, Gruppe 1 2013/201"]
[Date "2014.03.09"]
[Round "7.7"]
[White "Soehnchen, Andreas"]
[Black "Fuchs, Thomas"]
[Result "1/2-1/2"]
[WhiteElo "2137"]
[BlackElo "1937"]
[PlyCount "46"]
[EventDate "2014.??.??"]
[WhiteTeam "Oberhausener SV 1"]
[BlackTeam "Elberfelder SG 1"]

1. d4 Nf6 2. c4 g6 3. Nc3 Bg7 4. e4 d6 5. Be2 O-O 6. Nf3 e5 7. O-O Na6 8. Be3
exd4 9. Nxd4 Re8 10. f3 c6 11. Bf2 d5 12. cxd5 cxd5 13. Bb5 Bd7 14. Bxa6 bxa6
15. exd5 Qa5 16. Nb3 Qc7 17. Qd2 Rad8 18. Rfe1 Rxe1+ 19. Rxe1 Be6 20. Qe2 Nxd5
21. Nxd5 Bxd5 22. Qxa6 Bxb2 23. Qxa7 Qxa7 1/2-1/2

[Event "Elberfelder SG 1 - Oberhausener SV 1"]
[Site "NRW-Klasse, Gruppe 1 2013/201"]
[Date "2014.03.09"]
[Round "7.8"]
[White "Kley, Thomas"]
[Black "Voge, Andreas"]
[Result "1/2-1/2"]
[WhiteElo "2056"]
[BlackElo "2078"]
[PlyCount "68"]
[EventDate "2014.??.??"]
[WhiteTeam "Elberfelder SG 1"]
[BlackTeam "Oberhausener SV 1"]

1. e4 c5 2. Nc3 Nc6 3. g3 g6 4. Bg2 Bg7 5. d3 d6 6. f4 e6 7. Nf3 Nge7 8. O-O
O-O 9. Be3 Nd4 10. e5 Nef5 11. Bf2 Nxf3+ 12. Bxf3 dxe5 13. fxe5 Bxe5 14. Ne4
Bxb2 15. Rb1 Bd4 16. Qd2 Rb8 17. Nxc5 b6 18. c3 Be5 19. Ne4 Bb7 20. d4 Bg7 21.
g4 Nd6 22. Nxd6 Qxd6 23. Bg3 e5 24. Qe2 Bxf3 25. Rxf3 Rbe8 26. Re1 Qd5 27. Re3
e4 28. Rxe4 Rxe4 29. Qxe4 Qxe4 30. Rxe4 Bf6 31. Kf2 Rc8 32. d5 Rxc3 33. d6 Rd3
34. Ke2 Rd5 1/2-1/2

[Event "Niederkassel- Bochum 2"]
[Site "Niederkassel"]
[Date "2014.03.09"]
[Round "7.2"]
[White "Riedel, Holger"]
[Black "Dahm, Jochen"]
[Result "1/2-1/2"]
[WhiteElo "2217"]
[BlackElo "2298"]
[PlyCount "123"]
[EventDate "2014.??.??"]
[WhiteTeam "SG Niederkassel"]
[BlackTeam "SG Bochum 2"]

1. d4 Nf6 2. Nf3 d5 3. e3 Bf5 4. c4 e6 5. Nc3 h6 6. Bd3 Bxd3 7. Qxd3 c6 8. O-O
Be7 9. e4 O-O 10. Bf4 Bb4 11. cxd5 Bxc3 12. dxc6 Nxc6 13. bxc3 Rc8 14. Rab1 b6
15. Rfd1 Na5 16. Ne5 Nd7 17. Qg3 Kh7 18. d5 Nxe5 19. Bxe5 Qg5 20. Qxg5 hxg5 21.
dxe6 f6 22. Bd4 Rfe8 23. f3 Rxe6 24. Kf2 Rc4 25. Rb4 Rc8 26. g4 Rd6 27. Kg3
Rxc3 28. Bxc3 Rxd1 29. Ra4 Nc6 30. Rc4 Rd6 31. h4 gxh4+ 32. Kxh4 b5 33. Rc5 b4
34. Ba1 a5 35. f4 Ne7 36. f5 Nc6 37. g5 fxg5+ 38. Kxg5 a4 39. e5 Rd1 40. Rxc6
Rxa1 41. e6 Re1 42. Rc4 b3 43. axb3 axb3 44. Rh4+ Kg8 45. Rb4 Rg1+ 46. Kf4 Kf8
47. Rb8+ Ke7 48. Rb7+ Ke8 49. Rxb3 Ke7 50. Rb4 Kf6 51. Re4 Ke7 52. Ke5 Rg5 53.
Ra4 Rg1 54. Ra7+ Ke8 55. Ra8+ Ke7 56. Kf4 Rg2 57. Ra7+ Ke8 58. Ra3 Ke7 59. Rh3
Rg1 60. Rh4 g5+ 61. fxg6 Rxg6 62. Rh7+ 1/2-1/2

[Event "Niederkassel- Bochum 2"]
[Site "Niederkassel"]
[Date "2014.03.09"]
[Round "7.4"]
[White "Rybarczyk, Klaus"]
[Black "Schlawin, Marlon"]
[Result "1-0"]
[WhiteElo "2249"]
[BlackElo "2280"]
[PlyCount "133"]
[EventDate "2014.??.??"]
[WhiteTeam "SG Niederkassel"]
[BlackTeam "SG Bochum 2"]

1. Nf3 c5 2. c4 g6 3. d4 cxd4 4. Nxd4 Bg7 5. e4 Nc6 6. Be3 Nf6 7. Nc3 Ng4 8.
Qxg4 Nxd4 9. Qd1 Ne6 10. Qd2 d6 11. Be2 O-O 12. O-O b6 13. Rac1 Bb7 14. f3 Qd7
15. Nd5 Rfe8 16. b4 Rad8 17. f4 Nc7 18. f5 Be5 19. Bd4 Nxd5 20. cxd5 Rc8 21.
Bxe5 dxe5 22. Rcd1 Kg7 23. Rf3 Rh8 24. Rdf1 Rcf8 25. Rh3 h6 26. Rg3 Kh7 27.
fxg6+ fxg6 28. Rxf8 Rxf8 29. Rh3 Rf4 30. Re3 Qd6 31. g3 Rf8 32. Bg4 Kg7 33. Qc3
Qf6 34. Rf3 Qg5 35. Rxf8 Kxf8 36. Be6 Ba6 37. a4 Qh5 38. b5 Qd1+ 39. Kf2 Bb7
40. Qxe5 Qd2+ 41. Kf1 Qd1+ 42. Kg2 Qe2+ 43. Kh3 Qf1+ 44. Kh4 Qf6+ 45. Qxf6+
exf6 46. Kg4 Ke7 47. h4 h5+ 48. Kf4 a6 49. g4 hxg4 50. Kxg4 axb5 51. axb5 Kd6
52. Kf4 Ke7 53. Ke3 Ba8 54. Kd4 Bb7 55. e5 Ba8 56. Bg8 Kf8 57. d6 fxe5+ 58.
Kxe5 Bf3 59. Bd5 Be2 60. Bc6 Kf7 61. Bd7 Bf1 62. Be6+ Kf8 63. Kf6 Bxb5 64. Kxg6
Be8+ 65. Kf6 b5 66. h5 b4 67. h6 1-0

[Event "Niederkassel- Bochum 2"]
[Site "Niederkassel"]
[Date "2014.03.09"]
[Round "7.5"]
[White "Kitte, Sebastian"]
[Black "Broehl, Stephan"]
[Result "0-1"]
[WhiteElo "2274"]
[BlackElo "2141"]
[PlyCount "68"]
[EventDate "2014.??.??"]
[WhiteTeam "SG Bochum 2"]
[BlackTeam "SG Niederkassel"]

1. d4 d5 2. c4 c6 3. Nf3 Nf6 4. e3 Bg4 5. Qb3 Qb6 6. Ne5 Bf5 7. Nc3 e6 8. c5
Qc7 9. Be2 h6 10. O-O Nbd7 11. Nxd7 Nxd7 12. f3 Be7 13. e4 Bh7 14. Be3 O-O 15.
e5 b6 16. cxb6 axb6 17. f4 c5 18. Kh1 cxd4 19. Bxd4 Nc5 20. Qd1 Ne4 21. Bd3
Nxc3 22. Bxh7+ Kxh7 23. bxc3 f5 24. exf6 Bxf6 25. Qd3+ Kg8 26. Qe3 Bxd4 27.
cxd4 Qd6 28. g3 Ra3 29. Qd2 Rc8 30. Rfc1 Rc4 31. Rxc4 dxc4 32. Kg1 Rd3 33. Qe2
Qxd4+ 34. Kg2 Rd2 0-1

[Event "Niederkassel- Bochum 2"]
[Site "Niederkassel"]
[Date "2014.03.09"]
[Round "7.6"]
[White "Bussard, Christian"]
[Black "Kahleys, Kevin"]
[Result "1/2-1/2"]
[WhiteElo "2136"]
[BlackElo "2212"]
[PlyCount "96"]
[EventDate "2014.??.??"]
[WhiteTeam "SG Niederkassel"]
[BlackTeam "SG Bochum 2"]

1. d4 d5 2. Nf3 Nf6 3. c4 c6 4. Nc3 g6 5. e3 Bg7 6. Be2 O-O 7. O-O Qb6 8. cxd5
cxd5 9. b3 Bf5 10. Bb2 Rc8 11. Rc1 Nbd7 12. Nh4 Nf8 13. Nxf5 gxf5 14. Na4 Qd6
15. Qd3 e6 16. Qb5 b6 17. Qa6 Rd8 18. Nc3 Rd7 19. Nb5 Qb8 20. f4 Qb7 21. Qxb7
Rxb7 22. Rc6 a6 23. Nd6 Rbb8 24. Rfc1 N8d7 25. h3 Bf8 26. g4 fxg4 27. hxg4 Ne8
28. Nxe8 Rxe8 29. Kf2 b5 30. Bd3 Be7 31. Kf3 Ra7 32. Rh1 Nf8 33. Rc2 f6 34. Rc6
Bd8 35. Rc8 Ng6 36. Ba3 e5 37. Bxg6 hxg6 38. dxe5 fxe5 39. fxe5 Rf7+ 40. Ke2
Rc7 41. Rc1 Rxc1 42. Bxc1 Kf7 43. Ba3 Ba5 44. Rxe8 Kxe8 45. Kd3 Kd7 46. e4 Ke6
47. Bd6 dxe4+ 48. Kxe4 Bc3 1/2-1/2

[Event "Niederkassel- Bochum 2"]
[Site "Niederkassel"]
[Date "2014.03.09"]
[Round "7.8"]
[White "Schienmann, Bruno"]
[Black "Pilat, Daniel"]
[Result "0-1"]
[WhiteElo "2238"]
[BlackElo "2172"]
[PlyCount "92"]
[EventDate "2014.??.??"]
[WhiteTeam "SG Niederkassel"]
[BlackTeam "SG Bochum 2"]

1. d4 d5 2. c4 e6 3. Nc3 Nf6 4. cxd5 exd5 5. Bg5 Be7 6. e3 c6 7. Bd3 Nbd7 8.
Qc2 O-O 9. Nf3 Re8 10. h3 Nf8 11. Bxf6 Bxf6 12. O-O-O Be6 13. g4 Rc8 14. Rdg1
c5 15. g5 Be7 16. h4 Qa5 17. h5 cxd4 18. Nxd4 Bb4 19. Ndb5 d4 20. exd4 a6 21.
Bxh7+ Nxh7 22. g6 Qxb5 23. gxf7+ Bxf7 24. h6 g5 25. a4 Bxc3 26. axb5 Bxd4 27.
bxa6 bxa6 28. Re1 Rxc2+ 29. Kxc2 Bxf2 30. Rxe8+ Bxe8 31. Rf1 Bc5 32. Kc3 Bb5
33. Re1 Kf7 34. Re4 Bf8 35. Kd2 Bxh6 36. Ke1 Nf6 37. Rd4 g4 38. Kf2 Ke6 39. Rd8
Ke5 40. Rc8 Bf4 41. Rc7 Ne4+ 42. Kg2 Be2 43. Re7+ Kd4 44. Rd7+ Ke3 45. Re7 Bf3+
46. Kg1 Ke2 0-1

[Event "Bielefelder SK 1 - SK Königsspringer Is"]
[Site "NRW-Klasse, Gruppe 1 2013/201"]
[Date "2014.03.09"]
[Round "7.1"]
[White "Scheider, Julian"]
[Black "Malcher, Werner"]
[Result "1-0"]
[WhiteElo "2254"]
[BlackElo "2322"]
[PlyCount "87"]
[EventDate "2014.??.??"]
[WhiteTeam "SK Königsspringer Iserlohn 1"]
[BlackTeam "Bielefelder SK 1"]

1. e4 c5 2. Nf3 d6 3. d4 cxd4 4. Nxd4 Nf6 5. Nc3 Nc6 6. Bg5 e6 7. Qd2 a6 8.
O-O-O h6 9. Nxc6 bxc6 10. Bf4 d5 11. Qe3 Be7 12. Be2 O-O 13. h4 Re8 14. g4 Nd7
15. Qg3 e5 16. Bd2 d4 17. Na4 Nf6 18. Qg2 Nh7 19. g5 g6 20. Rdg1 Be6 21. h5
Bxg5 22. hxg6 fxg6 23. Rxh6 Bxd2+ 24. Kxd2 g5 25. b3 Ra7 26. Rxe6 Rxe6 27. Bc4
Qd6 28. Qg4 Rae7 29. Nc5 Qxc5 30. Bxe6+ Kh8 31. Rg3 d3 32. Rxd3 Qxf2+ 33. Kc3
Qf4 34. Qh3 Kg7 35. Bf5 Nf6 36. Kb2 Re8 37. Rd6 Rh8 38. Qd3 Rf8 39. Rxc6 g4 40.
Rc3 Kh6 41. Qd6 Rf7 42. Qe6 Kg7 43. Qxa6 Qf2 44. Qd6 1-0

[Event "Bielefelder SK 1 - SK Königsspringer Is"]
[Site "NRW-Klasse, Gruppe 1 2013/201"]
[Date "2014.03.09"]
[Round "7.2"]
[White "Forchert, Martin"]
[Black "Schmuecker, Marcus"]
[Result "1/2-1/2"]
[WhiteElo "2267"]
[BlackElo "2199"]
[PlyCount "48"]
[EventDate "2014.??.??"]
[WhiteTeam "Bielefelder SK 1"]
[BlackTeam "SK Königsspringer Iserlohn 1"]

1. e4 e6 2. d4 d5 3. Nd2 Nf6 4. e5 Nfd7 5. Bd3 c5 6. c3 Nc6 7. Ne2 cxd4 8. cxd4
f6 9. exf6 Nxf6 10. O-O Bd6 11. Nf3 Qc7 12. Bg5 O-O 13. Rc1 Bd7 14. Re1 Rae8
15. Qd2 a6 16. Bb1 Re7 17. Bf4 Nh5 18. Bxd6 Qxd6 19. Qg5 Nf4 20. Qh4 h6 21. Qg3
Nxe2+ 22. Rxe2 Qf4 23. Re3 Be8 24. Qxf4 Rxf4 1/2-1/2

[Event "Bielefelder SK 1 - SK Königsspringer Is"]
[Site "NRW-Klasse, Gruppe 1 2013/201"]
[Date "2014.03.09"]
[Round "7.3"]
[White "Eckardt, Joshua"]
[Black "Simon, Hans Christian"]
[Result "1-0"]
[WhiteElo "2039"]
[BlackElo "2143"]
[PlyCount "51"]
[EventDate "2014.??.??"]
[WhiteTeam "SK Königsspringer Iserlohn 1"]
[BlackTeam "Bielefelder SK 1"]

1. d4 f5 2. Bg5 g6 3. Nc3 Bg7 4. h4 h6 5. Bf4 Nf6 6. e3 d6 7. Qf3 e6 8. Bc4 Qe7
9. O-O-O Nc6 10. Nh3 Bd7 11. Bh2 O-O 12. Nf4 Qf7 13. Qg3 Ne7 14. f3 Nfd5 15.
Ncxd5 exd5 16. Bb3 Bb5 17. e4 Bc4 18. exd5 Bxb3 19. axb3 Nxd5 20. Qxg6 Qxg6 21.
Nxg6 Rfe8 22. c3 Re2 23. Rd2 Rae8 24. h5 Bf6 25. Kd1 R2e3 26. Nf4 1-0

[Event "Bielefelder SK 1 - SK Königsspringer Is"]
[Site "NRW-Klasse, Gruppe 1 2013/201"]
[Date "2014.03.09"]
[Round "7.4"]
[White "Goeßling, Guido"]
[Black "Klauke, Stefan"]
[Result "1/2-1/2"]
[WhiteElo "2146"]
[BlackElo "2056"]
[PlyCount "28"]
[EventDate "2014.??.??"]
[WhiteTeam "Bielefelder SK 1"]
[BlackTeam "SK Königsspringer Iserlohn 1"]

1. e4 c5 2. Nf3 Nf6 3. Nc3 d5 4. exd5 Nxd5 5. Bb5+ Bd7 6. Bxd7+ Qxd7 7. Nxd5
Qxd5 8. d4 e6 9. Be3 c4 10. O-O Nd7 11. b3 b5 12. a4 cxb3 13. cxb3 Be7 14. axb5
O-O 1/2-1/2

[Event "Bielefelder SK 1 - SK Königsspringer Is"]
[Site "NRW-Klasse, Gruppe 1 2013/201"]
[Date "2014.03.09"]
[Round "7.5"]
[White "Kramps, Rene"]
[Black "Gruen, Gerd-Peter"]
[Result "0-1"]
[WhiteElo "2068"]
[BlackElo "2268"]
[Annotator "Doe,John"]
[PlyCount "108"]
[EventDate "2014.??.??"]
[WhiteTeam "SK Königsspringer Iserlohn 1"]
[BlackTeam "Bielefelder SK 1"]

1. g3 Nf6 2. Bg2 d5 3. c3 e5 4. d4 exd4 5. cxd4 c6 6. Nf3 Bd6 7. O-O O-O 8. Nc3
Re8 9. Bf4 Bxf4 10. gxf4 Ne4 11. Nxe4 Rxe4 12. e3 Re7 13. Qc2 Na6 14. Ng5 g6
15. Rfc1 Bf5 16. Qd2 Nc7 17. Bf1 Ne8 18. Bd3 Bxd3 19. Qxd3 Nd6 20. Qf1 a5 21.
Qh3 f6 22. Nf3 Qb6 23. Rc2 Rae8 24. Nd2 a4 25. Qf3 Nf5 26. Nf1 a3 27. b3 Nd6
28. Ng3 Kh8 29. Kh1 Qd8 30. Rg1 Qd7 31. Rcc1 Qh3 32. Qe2 h5 33. Qf1 Qxf1 34.
Nxf1 Kh7 35. Nd2 Kh6 36. Rc5 g5 37. fxg5+ fxg5 38. Ra5 Nb5 39. Nb1 $11 Rf8 40.
Kg2 Ref7 41. Rf1 g4 42. Nd2 h4 43. f3 Kg5 44. f4+ Kf5 45. Kf2 Re7 46. e4+ dxe4
47. Ke3 Rd8 48. Rc1 Rd5 49. Nc4 Rxd4 50. Nxa3 Rd3+ 51. Ke2 Kxf4 52. Nxb5 cxb5
53. Rxb5 Red7 54. Rcc5 Rd2+ 0-1

[Event "Bielefelder SK 1 - SK Königsspringer Is"]
[Site "NRW-Klasse, Gruppe 1 2013/201"]
[Date "2014.03.09"]
[Round "7.6"]
[White "Forchert, Niko"]
[Black "Schwanbeck, Christoph"]
[Result "1-0"]
[WhiteElo "2119"]
[BlackElo "2015"]
[Annotator "Doe,John"]
[PlyCount "107"]
[EventDate "2014.??.??"]
[WhiteTeam "Bielefelder SK 1"]
[BlackTeam "SK Königsspringer Iserlohn 1"]

1. d4 Nf6 2. Nf3 d6 3. Bg5 Nbd7 4. Nbd2 c5 5. e3 cxd4 6. exd4 g6 7. Bd3 Bg7 8.
O-O O-O 9. a4 b6 10. a5 Bb7 11. Re1 Re8 12. Nc4 b5 13. Ne3 a6 14. c4 Qc7 15.
cxb5 axb5 16. b4 Bxf3 17. Qxf3 Qc3 18. Nc2 e5 19. Qd1 Rec8 20. Ra3 Qc6 21. dxe5
dxe5 22. Ne3 e4 23. Bf1 Ne5 24. Bxf6 Bxf6 25. Qd5 Nc4 $11 26. Qxc6 Rxc6 27.
Bxc4 bxc4 28. Nd5 Kg7 29. Nxf6 Kxf6 30. Kf1 c3 31. Rc1 Rc4 32. Rb3 c2 33. Rb2
Rb8 34. Rcxc2 Rbxb4 35. Rxc4 Rxb2 36. Ra4 Rb7 37. Rxe4 Rb1+ 38. Re1 Rb7 39. Ra1
Ke5 40. a6 Ra7 41. Ke2 h6 42. Ke3 Kd6 43. Kd4 f6 44. f4 h5 45. Kc4 Kc6 46. Re1
Rf7 47. Re6+ Kd7 48. a7 Kxe6 49. a8=Q Rg7 50. Qc8+ Kf7 51. Kd5 Rh7 52. h4 f5
53. Ke5 Rh6 54. Qd7+ 1-0